Регионална библиотека "Любен Каравелов" - Русе

The Everyday Life of the Roman Legionary on the Lower Danube (Запис номер 209549)

MARC детайли
000 -Лидер
Контролно поле с фиксирана дължина 03056nkm a2200613 c 4500
003 - Код на организацията, давaща контролен номер
Контролно поле BLK
005 - Дата и час на последна редакция
Контролно поле 20210211094352.0
008 - Елементи от данни с фиксирана дължина
fixed length control field 180412b bul rap|r|||| r0| ||bulo|
010 ## - Наследен системен номер
LC control number KNG00139873000
020 ## - Международен стандартен номер на книга ISBN
Международен стандартен номер на книга ISBN 978-954-476-057-1
040 ## - Източник на каталожния запис
Идентификатор на билиотеката - собственик на записа BLK
041 ## - Код за език
Код за езика на текст/звукозапис или на отделно заглавие Английски
Код за езика КДБФ Английски
072 #7 - Код за тематичната категория
Код организация bullib
Код за тематична категория Н39
Текст Етнология. Фолклористика Н
080 ## - УДК
Текстов определител УДК Нрави и обичаи в частния живот. Обреди при раждане, кръщене, пълнолетие, жертвопринасяне, сватба, семеен живот, брак, любов, дружба, гостоприемство, осиновяване и др.
УДК код - определител по УДК 392
УДК определител (37)(083.824)
УДК - код + определител 392(37)(083.824)
080 ## - УДК
Текстов определител УДК Паметници на културата на историческите периоди. Археологическите паметници. Старини
УДК код - определител по УДК 904
УДК определител :061.4(497.2)(083.824)
УДК - код + определител 904:061.4(497.2)(083.824)
139 ## - Редно поле
Редна дума The Everyday Life of the Roman Legionary on the Lower Danube
Авторски знак Еври - Е 20
Filing suffix E 94
Feature heading Е 20
245 10 - Сведения за заглавието
Заглавие The Everyday Life of the Roman Legionary on the Lower Danube
Подзаглавни данни The Catalogue of the Exhibition
Редно поле (дума) comp., annot. Evgenia Gencheva; photogr. Mariana Jordanova Shekerova; transl. [от бълг.] Iskren Velikov.
257 ## - Страна на издаване
Страна на създаване/издаване България
260 ## - Област на издателските данни
Име на издателя, разпространителя и проч. ROD
Година на издаване 2012
Печатница Русе : Ruse Press
300 ## - Физическа характеристика
Страници 116 с.
Илюстрации и др. с цв. ил.
Размери/Мащаб 30 см
380 ## - Жанр
Жанр Обществени науки
500 ## - Общи забележки
Забележка Изд. на ХХІІ Intern. Limes Congr. The Everyday Life of the Roman Legionary on the Lower Danub - Rousse. - Сведения за авт. отг. отбелязани на гърба на загл. с. - Библиогр. с. 114-115.
650 #4 - Допълнително описание по предмет – тема
Основно описание – тема или топоним Римляни - бит - изложби - каталози
9 (RLIN) 352024
650 #4 - Допълнително описание по предмет – тема
Основно описание – тема или топоним България - старини - музеи, галерии, колекции, изложби - каталози
9 (RLIN) 327687
651 #4 - Допълнително описание по предмет - топоним
Географско понятие България
9 (RLIN) 241624
653 ## - Ключова дума – ненормативна
Ключова дума римляни
653 ## - Ключова дума – ненормативна
Ключова дума легионери
653 ## - Ключова дума – ненормативна
Ключова дума бит
653 ## - Ключова дума – ненормативна
Ключова дума старини
653 ## - Ключова дума – ненормативна
Ключова дума изложби
653 ## - Ключова дума – ненормативна
Ключова дума каталози
653 ## - Ключова дума – ненормативна
Ключова дума художествена керамика
653 ## - Ключова дума – ненормативна
Ключова дума сребърни предмети
653 ## - Ключова дума – ненормативна
Ключова дума накити
653 ## - Ключова дума – ненормативна
Ключова дума въоръжение
653 ## - Ключова дума – ненормативна
Ключова дума битови предмети
653 ## - Ключова дума – ненормативна
Ключова дума скулптура
653 ## - Ключова дума – ненормативна
Ключова дума каменна пластика
653 ## - Ключова дума – ненормативна
Ключова дума метални пластики
653 ## - Ключова дума – ненормативна
Ключова дума ковано желязо
653 ## - Ключова дума – ненормативна
Ключова дума култови предмети
653 ## - Ключова дума – ненормативна
Ключова дума бронзови предмети
653 ## - Ключова дума – ненормативна
Ключова дума амулети
653 ## - Ключова дума – ненормативна
Ключова дума глинени съдове
659 ## - Тематичен бюлетин
Тематичен бюлетин Н
700 1# - Други автори (авторска отговорност)
Лично име Gencheva, Evgenia
Автороска отговорност (Описва отношението между автора и произведението) comp., annot.
9 (RLIN) 352023
700 1# - Други автори (авторска отговорност)
Лично име Shekerova, Mariana Jordanova
Автороска отговорност (Описва отношението между автора и произведението) photogr.
9 (RLIN) 24302
700 1# - Други автори (авторска отговорност)
Лично име Velikov, Iskren
Автороска отговорност (Описва отношението между автора и произведението) transl. [от бълг.]
9 (RLIN) 387133
852 ## - Местоположение
Форматна сигнатура Цб ІІ 27663
856 4# - Електронен адрес и достъп
Електронен формат pdf - файл
Път до файла /url/
856 4# - Електронен адрес и достъп
Електронен формат pdf - файл
Път до файла /url/
999 ## - СИСТЕМНИ КОНТРОЛНИ НОМЕРА
Koha biblionumber 209549
Koha biblioitemnumber 209549
942 ## - АРТИКУЛИ
Вид на библиотечния материал Графични издания
Скрит в OPAC Не
Периодичен библиозапис Да
944 ## - СЪЗДАВАНЕ И РЕДАКЦИЯ на ЗАПИСА
Създаване/Редакция Създаване
Дата на регистрацията/редакция 21.02.2013
Статус, дата на статуса ф /
Служител, извършил регистрацията/редакцията Наталия_Медовщикова
944 ## - СЪЗДАВАНЕ И РЕДАКЦИЯ на ЗАПИСА
Създаване/Редакция Редакция
Дата на регистрацията/редакция 02.06.2015
Статус, дата на статуса ф /
Служител, извършил регистрацията/редакцията Ирена_Линкова
999 ## - СИСТЕМНИ КОНТРОЛНИ НОМЕРА
Koha biblioitemnumber 209549
999 ## - СИСТЕМНИ КОНТРОЛНИ НОМЕРА
Koha biblioitemnumber 209549
999 ## - СИСТЕМНИ КОНТРОЛНИ НОМЕРА
Koha biblioitemnumber 209549
Наличности
Код за отписване Код за изгубен артикул Източник на класификационната схема Код за повреда Коз за рестрикции Код за отдаване Артикулен № Име на библиотеката - собственик Име на библиотеката, в която се намира в момента Статус (Текущо местоположение) Дата на вписване в системата Местоположение - отдел Цена в лева Инвентарен номер Систематично азбучна сигнатура Баркод Номер на екземпляра Цена в евро Служебна бележка Служебен тип на артикула
  Не е изгубен Universal Decimal Classification Не е повреден само за читалня ползва се в читалня 360855 Регионална библиотека "Любен Каравелов" Русе Регионална библиотека "Любен Каравелов" Русе Хранилище 2013-02-18 Основен фонд - ползва се само за читалня 20.00 120000764255 Цб ІІ 27663 120000764255 1 10.23 Дост: DA Вид: А N: 2 Дата: 18.02.2013 Графични издания
  Не е изгубен Universal Decimal Classification Не е повреден без рестрикции заемане за дома 360856 Регионална библиотека "Любен Каравелов" Русе Регионална библиотека "Любен Каравелов" Русе Отдел Изкуство - подръчен фонд 2013-02-18 Отдел Изкуство - подръчен фонд 20.00 120000764256 39/Е 20 120000764256 2 10.23 Дост: DA Вид: А N: 2 Дата: 18.02.2013 Дата инв: 03.06.2015 Бележки инв: ГрИ2015 Графични издания
Изтеглен Не е изгубен Universal Decimal Classification Не е повреден без рестрикции заемане за дома 360857 Регионална библиотека "Любен Каравелов" Русе Регионална библиотека "Любен Каравелов" Русе Отдел Изкуство - подръчен фонд 2013-02-18 Отдел Изкуство - подръчен фонд 20.00 120000764257 39/Е 20 120000764257 3 10.23 Дост: DA Вид: А N: 2 Дата: 18.02.2013 Графични издания
  Не е изгубен Universal Decimal Classification Не е повреден само за читалня ползва се в читалня 360858 Регионална библиотека "Любен Каравелов" Русе Регионална библиотека "Любен Каравелов" Русе Хранилище 2014-02-19 Хранилище 20.00 120000774781 Цб ІІ 27664 120000774781 4 10.23 Дост: Dp Вид: Д N: 6 Дата: 12.02.2013 Графични издания
Vip Innovations Ltd, Rousse, Bulgaria 2025